Cần có nhận thức thống nhất về người bào chữa là người đại diện hợp pháp của người bị tạm giữ, bị can, bị cáo theo Điều 56 Bộ luật tố tụng hình sự /

Đã lưu trong:
書目詳細資料
主要作者: Đỗ Xuân Lân.
格式: Bài viết
語言:Vietnamese
主題:
標簽: 添加標簽
沒有標簽, 成為第一個標記此記錄!
Thư viện lưu trữ: Thư viện Trường Đại học Đà Lạt
LEADER 00924nam a2200277 4500
001 DLU090090021
005 ##20090526
040 # # |a DLU  |b vie 
041 # # |a vie 
044 # # |a vn 
100 # # |a Đỗ Xuân Lân. 
245 # # |a Cần có nhận thức thống nhất về người bào chữa là người đại diện hợp pháp của người bị tạm giữ, bị can, bị cáo theo Điều 56 Bộ luật tố tụng hình sự /  |c Đỗ Xuân Lân. 
653 # # |a Bị cáo 
653 # # |a Bộ luật TTHS 
653 # # |a Người bào chữa 
653 # # |a Thống nhất 
773 # # |t Tòa án nhân dân  |g Số 3, 2005, tr. 19-22 
920 # # |a Phòng Tạp chí -- Trung tâm Thông tin - Thư viện Trường Đại học Đà Lạt 
994 # # |a DLU 
900 # # |a True 
911 # # |a Nguyễn Thị Mai Anh 
925 # # |a G 
926 # # |a A 
927 # # |a BB 
980 # # |a Thư viện Trường Đại học Đà Lạt